[Event "Anibal op 4th"]
[Site "Linares"]
[Date "1997.??.??"]
[Round "6"]
[White "Delchev, Aleksander"]
[Black "Mollov, Elin"]
[Result "1-0"]
[WhiteElo "2515"]
[BlackElo "2375"]

1.e4 e6 2.d4 d5 3.Nd2 Be7 4.Bd3 Nf6 5.e5 Nfd7 6.Qg4 g6 7.h4 h5 8.Qg3 c5 9.c3 Nc6
10.Ne2 cxd4 11.cxd4 Nb6 12.Nf3 Bd7 13.Ng5 Rg8 14.Qf3 Rg7 15.Nxf7 Bb4+ 16.Kf1 Qe7
17.Nh8 O-O-O 18.Nxg6 Qe8 19.Qxh5 Nc4 20.Qh6 Qf7 21.a3 Bf8 22.Rh3 Qg8 23.b3 Rh7
24.Qg5 Bh6 25.Ne7+ Rxe7 26.Qxg8 Rxg8 27.Bxh6 N4a5 28.Rb1 Be8 29.h5 Rc7 30.Be3 Ne7
31.Nf4 Bf7 32.h6 Rh8 33.g4  1-0

[Event "Lilie op"]
[Site "Litomysl"]
[Date "1997.??.??"]
[Round "6"]
[White "Chrz, Pavel"]
[Black "Loucek, Vlastimil"]
[Result "0-1"]
[WhiteElo "2235"]
[BlackElo "2030"]

1.e4 e6 2.d4 d5 3.Nd2 Nc6 4.Ngf3 Nf6 5.e5 Nd7 6.c3 f6 7.exf6 Qxf6 8.Bd3 e5
9.dxe5 Ndxe5 10.Be2 Bd6 11.Nxe5 Nxe5 12.Nf3 c6 13.Be3 O-O 14.Nxe5 Bxe5 15.Qd2 Bf5
16.Bf3 a6 17.O-O-O Bg6 18.Be2 b5 19.Bd3 Bxd3 20.Qxd3 b4 21.Kc2 bxc3 22.bxc3 Qd8
23.Bd4 Qa5 24.Kb1 Rab8+ 25.Ka1 Rxf2 26.Rd2 Bxd4 27.Qxd4 Rxd2 28.Qxd2 Qc5
29.Rf1 Re8 30.Rf3 Qg1+ 31.Kb2 Rb8+ 32.Ka3 Qc5+  0-1

[Event "SLO-ch qual"]
[Site "Maribor"]
[Date "1997.??.??"]
[Round "6"]
[White "Simic, Dragan"]
[Black "Kajnih, Danilo"]
[Result "1-0"]
[WhiteElo "2305"]
[BlackElo "2210"]

1.e4 e6 2.d4 d5 3.Nd2 Nc6 4.c3 dxe4 5.Nxe4 Qd5 6.Nd2 Nf6 7.Ngf3 Be7 8.Bc4 Qh5
9.Nf1 Bd6 10.Be2 Qa5 11.Ne3 b5 12.d5 Ne7 13.dxe6 Bxe6 14.Nd4 Bd7 15.O-O O-O
16.Qc2 c5 17.Ndf5 Nxf5 18.Nxf5 Bxf5 19.Qxf5 Rae8 20.Bf3 Qc7 21.g3 Be5 22.Bg5 b4
23.cxb4 cxb4 24.Rac1 Qb8 25.Rc4 g6 26.Qc2 Rc8 27.b3 Rxc4 28.Qxc4 Rc8 29.Qa6 Kg7
30.Be3 Rc7 31.Rd1 Re7 32.Kg2 Re6 33.Qxa7 Qxa7 34.Bxa7 Ra6 35.Bd4 Bxd4 36.Rxd4 Rxa2
37.Rxb4 Rb2 38.Rb7 h5 39.h3 g5 40.g4 hxg4 41.hxg4 Rd2 42.Re7 Rd4 43.Kg3 Nd7
44.Be2 Kf6 45.Re3 Ne5 46.f3 Ke6 47.Rc3 Kd6 48.Kf2 Rf4 49.Ke3 f5 50.gxf5 Rxf5
51.Rc1 Rf4 52.Rg1 Rb4 53.Bd1 Nf7 54.Kd3 Ne5+ 55.Ke3 Nf7 56.Rg2 Rf4 57.Be2 Rb4
58.Bc4 Ne5 59.Bg8 Rf4 60.Rg3 Rf8 61.Bh7 Rc8 62.Kd4 Rc1 63.Be4 Rd1+ 64.Ke3 Rc1
65.Rxg5 Rc3+ 66.Kf4 Nxf3 67.Bxf3 Rxb3 68.Rd5+ Ke6 69.Rc5 Rb4+ 70.Be4 Kd6
71.Rc6+ Kd7 72.Rh6 Rb2 73.Ke5 Re2 74.Rh7+ Ke8 75.Kd5 Kf8 76.Bf5 Re1 77.Be6 Rd1+
78.Ke5 Re1+ 79.Kf6 Rf1+ 80.Bf5 Kg8 81.Ra7  1-0

[Event "CRO-chT"]
[Site "Medulin"]
[Date "1997.??.??"]
[Round "?"]
[White "Kutuzovic, Branko"]
[Black "Bukal, Vladimir Jr"]
[Result "1/2-1/2"]
[WhiteElo "2395"]
[BlackElo "2350"]

1.e4 e6 2.d4 d5 3.Nd2 a6 4.Ngf3 c5 5.dxc5 Bxc5 6.Bd3 Nc6 7.O-O Nge7 8.a3 O-O
9.b4 Ba7 10.Bb2 Ng6 11.Nb3 Nf4 12.e5 Nxd3 13.cxd3 d4 14.Rc1 f6 15.exf6 Qxf6
16.Nfd2 e5 17.Ne4 Qg6 18.Nbd2 Bg4 19.f3 Be6 20.Nc4 b5 21.Na5 Nxa5 22.bxa5 Rac8
23.Qd2 Bd5 24.Rxc8 Rxc8 25.Rc1 Rc6 26.Re1 h6 27.Ng3 Bb8 28.Kf2 Kh7 29.Ne4 Qf5
30.Ng3 Qc8 31.Rc1 Bd6 32.Ne2 Rxc1 33.Qxc1 Qd8 34.Ng3 Qxa5 35.Ne4 Qc7 36.Nxd6 Qxd6
37.Qc8 Qg6 38.Qc5 Qe6 39.Bc1 Bc6 40.h4 Qa2+ 41.Kg3 Qe6 42.Bd2 Be8 43.Ba5 Qg6+
44.Kh2 Qxd3 45.Qe7 Qg6 46.Qxe5 d3 47.Bc3 Bf7 48.Kg1 Be6 49.Kf2 Qf7 50.Kg1 Qd7
51.Qe3 Qd5 52.Qa7 Bd7 53.Qe3 Bf5 54.Qe7 Qd7 55.Qxd7 Bxd7 56.h5 g6 57.hxg6+ Kxg6
58.g4 h5 59.gxh5+ Kxh5 60.Kf2 Bf5 61.Ke3 Kg5 62.Bd2 Kf6 63.Kd4 Ke6 64.Bf4 Kd7
65.Kc5 Be6 66.a4 bxa4 67.Kb4 Bb3 68.Ka3 Ke6 69.Kb2 Bd1 70.Bd2 Bxf3 71.Ka1 Kd5  1/2-1/2

[Event "CRO-chT2"]
[Site "Medulin"]
[Date "1997.??.??"]
[Round "?"]
[White "Lamza, Nenad"]
[Black "Bozanic, Ivica"]
[Result "1/2-1/2"]
[WhiteElo "2245"]
[BlackElo "2305"]

1.e4 e6 2.d4 d5 3.Nd2 Nc6 4.Ngf3 Nf6 5.e5 Nd7 6.Nb3 f6 7.Bb5 a5 8.a4 Na7
9.exf6 Qxf6 10.Bg5 Qf7 11.Bd3 Nc6 12.O-O Bd6 13.Bh4 h6 14.Re1 O-O 15.Bg3 Re8
16.Ne5 Ncxe5 17.dxe5 Be7 18.Qg4 h5 19.Qd1 h4 20.Re3 hxg3 21.Rf3 gxh2+ 22.Kh1 Bf6
23.exf6 Nxf6 24.Rg3 Qe7 25.Bg6 Rd8 26.Qd4 Qb4 27.Qe5 Qd6 28.Qg5 Qe7  1/2-1/2

[Event "Mondariz op"]
[Site "Mondariz"]
[Date "1997.??.??"]
[Round "?"]
[White "Arizmendi Martinez, Julen Luis"]
[Black "Vallejo Pons, Francisco"]
[Result "1/2-1/2"]
[WhiteElo "2470"]
[BlackElo "2415"]

1.e4 e6 2.d4 d5 3.Nd2 Be7 4.Bd3 c5 5.dxc5 Nd7 6.exd5 exd5 7.Ngf3 Nxc5 8.Bb5+ Bd7
9.Bxd7+ Qxd7 10.O-O Nf6 11.Nb3 Nce4 12.Ne5 Qc7 13.Ng4 Nxg4 14.Qxg4 O-O 15.Nd4 Bf6
16.Be3 Qb6 17.Nf5 Qxb2 18.Rab1 Qxc2 19.Rfc1 Qxa2 20.Nxg7 Kh8 21.Nh5 Be5 22.Rxb7 Qa6
23.Rd7 Qe6 24.Qxe6 fxe6 25.f4 Nf6 26.Nxf6 Bxf6 27.Rcc7 a5 28.Rxh7+ Kg8 29.Bc5 Rfc8
30.Ba3 Rxc7 31.Rxc7 a4 32.Rb7 Rc8 33.Rb4 Rc4 34.Rxc4 dxc4 35.Kf1 Kf7 36.Ke2 Be7  1/2-1/2

[Event "Moravia-chT 9697"]
[Site "?"]
[Date "1997.??.??"]
[Round "?"]
[White "Hrabe, Petr"]
[Black "Kriz, Miroslav"]
[Result "1-0"]
[WhiteElo "2305"]
[BlackElo "2265"]

1.e4 e6 2.d4 d5 3.Nd2 Nc6 4.Ngf3 Nf6 5.e5 Nd7 6.c3 a5 7.Bd3 b6 8.O-O Ba6
9.Bxa6 Rxa6 10.Re1 Be7 11.Nf1 O-O 12.Ng3 Re8 13.Nh5 Nf8 14.Qd2 f6 15.Qd3 Ra8
16.exf6 Bxf6 17.Bf4 Ne7 18.Ne5 Neg6 19.Qg3 Nxf4 20.Qxf4 Bxe5 21.Qxe5 Re7
22.Nf4 c6 23.Re3 Qb8 24.Qg5 Qd6 25.Rae1 Rae8 26.a3 Rf7 27.Nd3 Rf6 28.Ne5 Ng6
29.Rg3 Ref8 30.f3 c5 31.h4 Rf5 32.Qe3 cxd4 33.cxd4 Nxe5 34.dxe5 Qe7 35.Rg4 Qb7
36.Rc1 h5 37.Rg5 Rxg5 38.Qxg5 Rf5 39.Qd8+ Kh7 40.Rc8 Qa6 41.Qg8+ Kg6 42.Qxe6+  1-0

[Event "Kasparov Cup"]
[Site "Moscow"]
[Date "1997.??.??"]
[Round "?"]
[White "Sargissian, Gabriel"]
[Black "Riazantsev, Alexander"]
[Result "0-1"]
[WhiteElo "2335"]
[BlackElo "2330"]

1.e4 e6 2.d4 d5 3.Nd2 Nc6 4.Ngf3 Nf6 5.e5 Nd7 6.Nb3 Be7 7.Bb5 a5 8.a4 Na7
9.Bd3 b6 10.c4 Bb7 11.O-O O-O 12.Qe2 Re8 13.Bf4 dxc4 14.Bxc4 Nf8 15.Rfd1 Qd7
16.Nbd2 Ng6 17.Be3 Red8 18.Rdc1 Rac8 19.Ba6 Bxa6 20.Qxa6 Nc6 21.Qb5 Nb4 22.Qxd7 Rxd7
23.Rc4 Nd5 24.Rac1 Bb4 25.Ne4 Nge7 26.Bg5 Kf8 27.Bxe7+ Kxe7 28.Rc6 Rf8 29.g3 Kd8
30.Kg2 Kc8 31.R6c2 Kb7 32.Nc3 Bxc3 33.bxc3 Rc8 34.Ng5 h6 35.Ne4 Ka7 36.Rd2 Rcd8
37.Rcd1 Ka6 38.c4 Ne7 39.Nc3 Nc6 40.Nb5 Nxe5 41.d5 Nxc4 42.Rc2 exd5 43.Rxd5 Rxd5
44.Nxc7+ Kb7 45.Nxd5 Rxd5 46.Rxc4 b5 47.axb5 Rxb5 48.Rd4 Rc5 49.Rd7+ Rc7
50.Rd6 a4 51.Rd4 a3 52.Rb4+ Kc8 53.Ra4 Rc3 54.h4 Kb7 55.g4 Kb6 56.f3 Rc2+  0-1

[Event "JUG-chT"]
[Site "Niksic"]
[Date "1997.??.??"]
[Round "9"]
[White "Certic, Branimir"]
[Black "Drasko, Milan"]
[Result "0-1"]
[WhiteElo "2435"]
[BlackElo "2520"]

1.e4 e6 2.d4 d5 3.Nd2 Be7 4.c3 Nf6 5.e5 Nfd7 6.f4 c5 7.Ndf3 b6 8.h4 Ba6 9.Bxa6 Nxa6
10.f5 exf5 11.Qd3 Qc8 12.Qxf5 cxd4 13.Nxd4 g6 14.Qf1 Qc4 15.Ngf3 Nac5 16.Qxc4 dxc4
17.O-O O-O 18.Bh6 Rfc8 19.Rae1 Nd3 20.Re2 Re8 21.e6 fxe6 22.Nxe6 Nf8 23.Kh1 Nxe6
24.Rxe6 Bf8 25.Rxe8 Rxe8 26.Bxf8 Rxf8 27.b3 Rc8 28.b4 Re8 29.Kg1 Re4 30.a3 a6
31.Ng5 Re7 32.Rf6 Re1+ 33.Kh2 Ne5 34.Kg3 h6 35.Ne6 Nd7 36.Rxg6+ Kf7  0-1

[Event "Nova Gorica op"]
[Site "Nova Gorica"]
[Date "1997.??.??"]
[Round "5"]
[White "Timoshchenko, Gennadi A"]
[Black "Sedina, Elena"]
[Result "1-0"]
[WhiteElo "2515"]
[BlackElo "2400"]

1.e4 e6 2.d4 d5 3.Nd2 Nc6 4.Ngf3 Nf6 5.e5 Nd7 6.Be2 b6 7.O-O Bb7 8.Re1 Qe7
9.c3 O-O-O 10.Qa4 f6 11.Ba6 Ndb8 12.Bxb7+ Kxb7 13.b4 a6 14.b5 axb5 15.Qxb5 Qd7
16.exf6 gxf6 17.a4 Kc8 18.Nb3 Bd6 19.Ba3 Bxa3 20.Rxa3 Rhg8 21.Rea1 e5 22.g3 Rde8
23.c4 dxc4 24.Qxc4 e4 25.Ne1 e3 26.fxe3 Rg4 27.Ng2 h5 28.a5 Nxa5 29.Nxa5 bxa5
30.Rxa5 Rg5 31.d5 Rg4 32.Qb3 Qd6 33.Rb5 c6 34.Rb6 Qe5 35.Ra8 Kd7 36.Rb7+ Kd6
37.Qa3+ c5 38.Rb6+ Kxd5 39.Qd3+  1-0

[Event "CZE-ch op"]
[Site "Nymburk"]
[Date "1997.??.??"]
[Round "?"]
[White "Suran, Jan"]
[Black "Loucek, Vlastimil"]
[Result "1/2-1/2"]
[WhiteElo "2300"]
[BlackElo "2030"]

1.e4 e6 2.d4 d5 3.Nd2 Nc6 4.Ngf3 Nf6 5.e5 Nd7 6.Be2 f6 7.exf6 Nxf6 8.O-O Bd6
9.c4 O-O 10.c5 Be7 11.Bb5 Nxd4 12.Nxd4 Bxc5 13.N2f3 c6 14.Ba4 Qc7 15.Ng5 Qb6
16.Ngxe6 Bxe6 17.Nxe6 Bxf2+ 18.Kh1 Rfe8 19.Nf4 Re7 20.Nd3 Ne4 21.Bf4 Rf8
22.Qc2 Bd4 23.Rf3 c5 24.Bb3 c4  1/2-1/2

[Event "ESP-chT"]
[Site "Ponferrada"]
[Date "1997.??.??"]
[Round "7"]
[White "Sanz Alonso, Francisco Javier"]
[Black "Vallejo Pons, Francisco"]
[Result "1/2-1/2"]
[WhiteElo "2425"]
[BlackElo "2415"]

1.e4 e6 2.d4 d5 3.Nd2 Be7 4.Ngf3 Nf6 5.Bd3 c5 6.c3 cxd4 7.Nxd4 Nc6 8.Nxc6 bxc6
9.O-O O-O 10.Re1 a5 11.e5 Nd7 12.Nf3 Re8 13.Bc2 Rb8 14.Rb1 Ba6 15.Qd4 f5
16.exf6 Bxf6 17.Qg4 e5 18.Bf5 Nf8 19.h4 e4 20.Nd4 Bxd4 21.cxd4 Bd3 22.Bg5 Qb6
23.Bf6 Qc7 24.Rbc1 Rxb2 25.Re3 Qf7 26.Rxc6 Rb1+ 27.Kh2 Rf1 28.Rg3  1/2-1/2

[Event "POL-ch sf"]
[Site "Poraj "]
[Date "1997.??.??"]
[Round "9"]
[White "Blehm, Pawel"]
[Black "Dobrowolski, Piotr"]
[Result "1-0"]
[WhiteElo "2420"]
[BlackElo "2390"]

1.e4 e6 2.d4 d5 3.Nd2 a6 4.Ngf3 c5 5.exd5 exd5 6.Be2 c4 7.O-O Bd6 8.b3 b5
9.a4 c3 10.axb5 cxd2 11.Bxd2 Nf6 12.c4 O-O 13.c5 Bc7 14.b6 Bxb6 15.cxb6 Qxb6
16.Qc2 Nc6 17.Qc5 Qb7 18.Rfc1 Bd7 19.Bf4 Rfc8 20.Qa3 Qb6 21.Be3 Ne4 22.Bd3 Nb4
23.Bxe4 dxe4 24.Ne5 Be8 25.Nc4 Qb8 26.Qa5 Qb5 27.Qxb5 Bxb5 28.Nd6 Rxc1+ 29.Rxc1 Bd3
30.Rc7 Nd5 31.Rb7 h6 32.h3 Rf8 33.Bc1 f5 34.Rd7 Nc3 35.Bb2 Nd1 36.Ba1 Rf6
37.d5 Rg6 38.Nxf5 e3 39.Ne7+ Kh7 40.fxe3  1-0

[Event "CZE-ch U20"]
[Site "Prague"]
[Date "1997.??.??"]
[Round "5"]
[White "Pachmann, Ales"]
[Black "Klimes, Martin"]
[Result "0-1"]
[WhiteElo "2270"]
[BlackElo "2100"]

1.e4 e6 2.d4 d5 3.Nd2 Nc6 4.Ngf3 Nf6 5.e5 Nd7 6.Nb3 a5 7.a4 Be7 8.Bb5 O-O
9.h4 f6 10.exf6 Bxf6 11.Ng5 Qe8 12.Bd3 Bxg5 13.Bxh7+ Kxh7 14.hxg5+ Kg8 15.Qd3 Kf7
16.Rh7 Rg8 17.Bf4 Ke7 18.Bxc7 Nb4 19.Qg3 Qg6 20.Rh3 Nxc2+ 21.Kf1 Nxa1 22.Qd6+ Ke8
23.Nc5 Qb1+ 24.Ke2 Qxb2+ 25.Kf1 Qc1+ 26.Ke2 Qc4+ 27.Kf3 Ra6  0-1

[Event "CRO-Cup"]
[Site "Pula"]
[Date "1997.??.??"]
[Round "?"]
[White "Podobnik, Marijan"]
[Black "Storga, Dalibor"]
[Result "1/2-1/2"]
[WhiteElo "2290"]
[BlackElo "2200"]

1.e4 e6 2.d4 d5 3.Nd2 Nc6 4.Ngf3 Nf6 5.e5 Nd7 6.Be2 f6 7.exf6 Qxf6 8.Nf1 Bd6
9.Ne3 Ne7 10.Bd3 Nf5 11.Bxf5 exf5 12.Nxd5 Qe6+ 13.Qe2 Nb6 14.Qxe6+ Bxe6 15.Nf4 Bxf4
16.Bxf4 O-O-O 17.O-O-O Bd5 18.Ne5 Nc4 19.f3 Nxe5 20.Bxe5 Rd7 21.b3 b5 22.Rhe1 Kb7
23.Kb2 b4 24.a3 a5 25.axb4 axb4 26.Ra1 Bc6 27.Ra5 Kb6 28.Rea1 Bb5 29.Ra8 Rxa8
30.Rxa8 Kb7 31.Rg8 g6 32.h4 Bf1 33.g3 Bg2 34.f4 Bd5 35.Rf8 Be4 36.Rf6 Bf3
37.Re6 Bd5 38.Re8 Bc6 39.Rf8 Bf3 40.Rf6 Bg4 41.Re6 Bf3 42.Re8 Bc6 43.Rf8 Bf3
44.Bf6 Be4 45.Re8 Rd6 46.Be7 Re6 47.d5 Bxd5 48.Rd8 Rxe7 49.Rxd5 Re3 50.Rb5+ Kc8
51.h5 Rxg3 52.hxg6 hxg6 53.Rxb4 Kd7 54.Rd4+ Ke6 55.b4 g5 56.fxg5 Rxg5 57.Rc4 Rg4  1/2-1/2

[Event "EU-chT (Women)"]
[Site "Pula"]
[Date "1997.??.??"]
[Round "2"]
[White "Hitzgerova, Gabriela"]
[Black "Matveeva, Svetlana"]
[Result "1-0"]
[WhiteElo "2170"]
[BlackElo "2475"]

1.e4 e6 2.d4 d5 3.Nd2 Be7 4.Bd3 c5 5.dxc5 Nf6 6.Qe2 dxe4 7.Nxe4 Nxe4 8.Bxe4 O-O
9.Nf3 Na6 10.c6 bxc6 11.Bxc6 Nb4 12.Be4 Rb8 13.O-O f5 14.Bd3 Nxd3 15.Qxd3 Qc7
16.Qe2 Bf6 17.c3 e5 18.Rd1 Bb7 19.Ng5 h6 20.Nf3 Rbe8 21.Nd2 Kh8 22.Qc4 Qb8
23.Nb3 Qa8 24.Qf1 Rc8 25.Be3 Bd5 26.f3 f4 27.Bf2 e4 28.fxe4 Bxe4 29.Nc5 Bc6
30.Nd7 Rf7 31.Nc5 a5 32.Rac1 a4 33.b3 a3 34.Rd6 Be7 35.Rdd1 Bxg2 36.Qxg2 Qxg2+
37.Kxg2 Bxc5 38.Bxc5 Rxc5 39.Kf3 g5 40.h3 Re7 41.Rd3 Rce5 42.c4 Re1 43.Rxe1 Rxe1
44.Rc3 Rh1 45.Ke4 Rh2 46.c5 Rxa2 47.c6 Re2+ 48.Kd5 Re8 49.c7 Rc8 50.Kd6 a2
51.Rc1 h5 52.b4 f3  1-0

[Event "EU-chT (Men)"]
[Site "Pula"]
[Date "1997.??.??"]
[Round "4"]
[White "Roberts, Paul"]
[Black "Spice, Alan"]
[Result "1-0"]
[WhiteElo "2210"]
[BlackElo "2185"]

1.e4 e6 2.d4 d5 3.Nd2 Nc6 4.Ngf3 Nf6 5.e5 Nd7 6.Be2 f6 7.exf6 Qxf6 8.Nf1 Bd6
9.Ne3 O-O 10.O-O Kh8 11.b3 h6 12.c4 dxc4 13.bxc4 Ne7 14.Bb2 b6 15.Rb1 Bb7
16.c5 Bf4 17.d5 e5 18.c6 Nxc6 19.dxc6 Qxc6 20.Rc1 Qd6 21.Qc2 c5 22.Rcd1 Qe7
23.Nf5 Qe6 24.Nd6 Bc6 25.Bc4 Qg4 26.h3 Qh5 27.Be2 Rf6 28.Nxe5 Qxe5 29.Bxe5 Bxe5
30.Ne4 Rf4 31.f3 Nf6 32.Nxf6 gxf6 33.Bc4 Rf8 34.Bd5 Ba4 35.Bb3 Bb5 36.Rfe1 Bd4+
37.Kh2  1-0

[Event "Pula op"]
[Site "Pula"]
[Date "1997.??.??"]
[Round "6"]
[White "Krstic, Uros"]
[Black "De Blecourt, Sandra"]
[Result "1-0"]
[WhiteElo "2270"]
[BlackElo "2020"]

1.e4 e6 2.d4 d5 3.Nd2 a6 4.Ngf3 c5 5.dxc5 Bxc5 6.Nb3 Bd6 7.e5 Bc7 8.Bd3 Nc6
9.Bf4 Nge7 10.Bg3 Ng6 11.Qe2 Nb4 12.Nbd4 Nxd3+ 13.Qxd3 Bd7 14.O-O O-O 15.Rfe1 Rc8
16.c3 f5 17.exf6 Bxg3 18.hxg3 Qxf6 19.Nc2 Bc6 20.Qd4 Rce8 21.Ne5 Nxe5 22.Rxe5 Qg6
23.Qd2 Rf6 24.Nd4 Bd7 25.Qe3 h6 26.Re1 Kf8 27.Ne2 Qf7 28.Qb6 Bc6 29.Nd4 Qd7
30.f4 Qc8 31.f5 exf5 32.Nxc6 Rxc6 33.Qb4+  1-0

[Event "EU-chT (Men)"]
[Site "Pula"]
[Date "1997.??.??"]
[Round "7"]
[White "Saunders, John C"]
[Black "Jacimovic, Dragoljub"]
[Result "0-1"]
[WhiteElo "2240"]
[BlackElo "2470"]

1.e4 e6 2.d4 d5 3.Nd2 Nc6 4.Ngf3 Nf6 5.e5 Nd7 6.Nb3 a5 7.a4 Be7 8.c3 b6 9.Bd3 Ba6
10.Bxa6 Rxa6 11.O-O O-O 12.Re1 Ncb8 13.Be3 c5 14.Nbd2 Nc6 15.Qe2 Ra8 16.g4 Re8
17.Kg2 Qc8 18.Rec1 Qa6 19.Qxa6 Rxa6 20.Nb1 Rc8 21.Ne1 Raa8 22.Na3 c4 23.Nec2 Na7
24.Rcb1 b5 25.Nxb5 Nxb5 26.axb5 a4 27.Ra2 Rcb8 28.Na3 Ra5 29.Bc1 Kf8 30.Kf3 Ke8
31.Ke2 Kd8 32.h3 Kc7 33.Bd2 Rh8 34.Kf3 Rb8 35.Ke2 Rb7 36.Bc1 Nb6 37.Bd2 Nc8
38.Bc1 Rb8 39.Kd1 Na7 40.Rba1 Ra8 41.Kc2 Bxa3 42.Rxa3 Nxb5 43.R3a2 Kc6 44.Bd2 R5a6
45.Be3 Nc7 46.Bg5 Kd7 47.Be3 R8a7 48.Bd2 Na8 49.Be3 Nb6 50.Bd2 Ra5 51.Be3 Ra8
52.Bd2 Rb5 53.Be3 Rb3 54.Bd2 f6 55.Be3 Kc6 56.f4 Rf8 57.Rf1 f5 58.Rf2 g6
59.Rf1 Kd7 60.Rf2 Ra8 61.Bc1 Ke7 62.Rf1 Rf8 63.Rf2 fxg4 64.hxg4 h5 65.g5 Ra8
66.Rh2 Kf7 67.Rh1 Kg7 68.Rh2 a3 69.Rxa3 Raxa3 70.bxa3 Na4 71.Rh3 Kf7 72.Bd2 Rxa3
73.Rh2 Ra2+ 74.Kc1 Nxc3 75.Rh3 Ne2+ 76.Kd1 Nxd4 77.Bb4 Ra4 78.Bd6 Nf5 79.Rc3 h4
80.Ke2 Ra2+ 81.Kf3 h3 82.Rc1 h2 83.Rb1 d4 84.Kg4 Ke8 85.Bc5 Kd7 86.Rd1 Ne3+  0-1

[Event "WchT U26"]
[Site "Roque Saenz Pena"]
[Date "1997.??.??"]
[Round "3"]
[White "Rios, Alejandro"]
[Black "Barria, Daniel"]
[Result "1-0"]
[WhiteElo "2295"]
[BlackElo "2355"]

1.e4 e6 2.d4 d5 3.Nd2 Nc6 4.Ngf3 Nf6 5.e5 Nd7 6.c3 f6 7.exf6 Qxf6 8.Bb5 Bd6
9.Nf1 Ne7 10.Bg5 Qf7 11.Qe2 Ng6 12.Ng3 h6 13.Bd2 Bf4 14.O-O Bxd2 15.Qxd2 c6
16.Bd3 Nf4 17.Rae1 O-O 18.Re3 Nxd3 19.Qxd3 Nf6 20.Ne5 Qc7 21.Ng6 Rd8 22.Rf3 Re8
23.Re1 Bd7 24.Rxf6 gxf6 25.Nh5 Qd6 26.Ne5 Re7 27.Qg6+ Kh8 28.Qxh6+  1-0

[Event "Saint Affrique op"]
[Site "Saint Affrique"]
[Date "1997.??.??"]
[Round "7"]
[White "Aleksevia, S."]
[Black "Bricard, Emmanuel"]
[Result "1/2-1/2"]
[WhiteElo "2350"]
[BlackElo "2450"]

1.d4 e6 2.e4 d5 3.Nd2 Nc6 4.Ngf3 Nf6 5.e5 Nd7 6.Nb3 a5 7.a4 b6 8.Bg5 Be7
9.h4 h6 10.Bxe7 Nxe7 11.Qd2 Ba6 12.Bxa6 Rxa6 13.Qf4 c5 14.c3 Qc7 15.O-O Ra8
16.Rfe1 O-O 17.Nbd2 cxd4 18.cxd4 Qc2 19.Nf1 Qxb2 20.Ne3 Rac8 21.Nh2 Kh8 22.h5 Qd2
23.Red1 Qe2 24.Nhg4 f5 25.exf6 Nxf6 26.Re1 Qd2 27.Red1 Qb4 28.Rab1 Nxg4 29.Qxg4 Qd6
30.Rb5 Rc6 31.Rdb1 Rfc8 32.Qd1 Qa3 33.Kh2 Rc1 34.Qg4 Rxb1 35.Rxb1 Rc6 36.Qf4 Qd6
37.Qxd6 Rxd6 38.Ng4 Kg8 39.Ne5 Kf8 40.g4 Ke8 41.Rc1 b5 42.axb5  1/2-1/2

[Event "Salsomaggiore op"]
[Site "Salsomaggiore"]
[Date "1997.??.??"]
[Round "4"]
[White "Vignato, Giovanni"]
[Black "Vezzosi, Paolo"]
[Result "1/2-1/2"]
[WhiteElo "2120"]
[BlackElo "2290"]

1.e4 e6 2.d4 d5 3.Nd2 Be7 4.Bd3 Nf6 5.e5 Nfd7 6.Ne2 c5 7.c3 b6 8.O-O Ba6
9.Bxa6 Nxa6 10.f4 g6 11.g4 Nc7 12.f5 gxf5 13.gxf5 Rg8+ 14.Kh1 exf5 15.Nf3 Nf8
16.Rg1 Ng6 17.Bg5 Ne6 18.Bxe7 Qxe7 19.Ng3 Ng7 20.Qa4+ Qd7 21.Qxd7+ Kxd7 22.Ng5 cxd4
23.cxd4 Rgc8 24.Raf1 f4 25.Ne2 Ne6 26.Nxe6 Kxe6 27.Nxf4+ Nxf4 28.Rxf4 Rc2
29.Rf6+ Ke7 30.Rgf1 Rf8 31.e6 Rxb2 32.Rxf7+ Rxf7 33.Rxf7+ Kxe6 34.Rxa7 Rd2
35.Rxh7 Rxa2 36.Rh6+ Kf5 37.Rxb6 Ke4 38.Rb4 Rd2 39.h4 Rf2 40.Kg1 Rf6 41.h5 Rh6
42.Kf2 Rxh5 43.Ke2 Rh2+ 44.Kd1 Rh3 45.Ra4 Rg3 46.Kd2 Rg2+ 47.Kd1 Kd3 48.Ra3+ Kxd4
49.Rh3 Kc4 50.Ra3 d4 51.Rh3 Ra2 52.Rg3 Ra1+  1/2-1/2

[Event "Saratoga Springs op"]
[Site "Saratoga"]
[Date "1997.??.??"]
[Round "1"]
[White "Sarkar, Justin"]
[Black "Chipkin, Leonard"]
[Result "1/2-1/2"]
[WhiteElo "2160"]
[BlackElo "2150"]

1.e4 e6 2.d4 d5 3.Nd2 a6 4.Ngf3 c5 5.exd5 exd5 6.Be2 c4 7.O-O Bd6 8.Re1 Ne7
9.b3 b5 10.c3 O-O 11.a4 Bb7 12.axb5 axb5 13.Rxa8 Bxa8 14.Nf1 Qc7 15.Qc2 f6
16.b4 Nd7 17.Bd1 Nb6 18.Ng3 Bc6 19.Qb1 Be8 20.Nh4 Bg6 21.Nxg6 Nxg6 22.Qf5 Qd7
23.Qxd7 Nxd7 24.Bg4 Nb6 25.Re6 Rd8 26.Nf5 Nc8 27.Nxd6 Nxd6 28.Bf3 Nf8 29.Re7 Nf5
30.Ra7 Nh4 31.Bd1 Nhg6 32.g3 Rd7 33.Ra5 Rb7 34.Bf3 Ne7 35.Bf4 Nfg6 36.Bd6 Kf7
37.Bc5 Ke6 38.Bg4+ f5 39.Ra6+ Kf7 40.Bh5 Kf8 41.Bxg6 hxg6 42.Rxg6 Kf7 43.Rb6 Rxb6
44.Bxb6 Ng8 45.Bd8 Kg6 46.h4 Nh6 47.f3 Nf7 48.Be7 Kh5 49.Kg2 Nh6 50.Kh3 Kg6
51.g4 Nf7 52.Kg3 fxg4 53.fxg4 Kh7 54.h5 Kh6 55.Kf4 g6 56.hxg6 Kxg6 57.g5 Kh5
58.Kf5 Nxg5 59.Ke5 Ne4 60.Kxd5 Nxc3+ 61.Ke5 Nd1 62.Kf5 Nc3 63.Ke5 Nd1 64.Kf5 Nc3  1/2-1/2

[Event "Schwaebisch Gmuend op"]
[Site "Schwaebisch Gmuend"]
[Date "1997.??.??"]
[Round "8"]
[White "Huber, Armin"]
[Black "Tauber, Manfred"]
[Result "1-0"]
[WhiteElo "2330"]
[BlackElo "2215"]

1.e4 e6 2.d4 d5 3.Nd2 a6 4.c3 c5 5.exd5 exd5 6.Ngf3 Bd6 7.dxc5 Bxc5 8.Nb3 Ba7
9.Bd3 Bg4 10.O-O Ne7 11.Re1 Nc6 12.Be3 Bxe3 13.Rxe3 Qd6 14.Qe2 O-O-O 15.Re1 Nf5
16.Bxf5+ Bxf5 17.Nfd4 Bd7 18.Nxc6 Qxc6 19.Nd4 Qd6 20.Qf3 f6 21.h3 Rde8 22.Rxe8+ Rxe8
23.Rxe8+ Bxe8 24.Qf5+ Kb8 25.Qxh7 Qe7 26.Kf1 Ka7 27.Qd3 Ka8 28.Qe2 Qd8 29.Kg1 Bg6
30.Qg4 Qe8 31.Qe6 Qd8 32.a4 Bd3 33.b4 Qc7 34.Qe8+ Qb8 35.Qxb8+ Kxb8 36.a5 Kc8
37.Ne6 g5 38.f4 Bf5 39.Nd4 Bd7 40.Kf2 Kc7 41.fxg5 fxg5 42.g4 Kd6 43.Nf3 d4
44.cxd4 Kd5 45.Ke3 Kc4 46.Ne5+ Kxb4 47.Nxd7 Kxa5 48.Nc5 b5 49.Kd3 Kb6 50.Ne6 a5
51.Kc3  1-0

[Event "Schwaebisch Gmuend op"]
[Site "Schwaebisch Gmuend"]
[Date "1997.??.??"]
[Round "9"]
[White "Wieder, Heiner"]
[Black "Sadewasser, Axel"]
[Result "1-0"]
[WhiteElo "2110"]
[BlackElo "2120"]

1.e4 e6 2.d4 d5 3.Nd2 Nc6 4.Ngf3 Nf6 5.e5 Nd7 6.Nb3 f6 7.Bf4 Be7 8.h4 O-O
9.g3 a5 10.Bh3 Nb6 11.c3 Nc4 12.Qc2 b6 13.O-O f5 14.Kh2 Ba6 15.Rg1 Rf7 16.Nc1 a4
17.Nd3 N4a5 18.Nde1 Qf8 19.Qxa4 Bc4 20.Qd1 Nb7 21.b3 Bb5 22.a4 Ba6 23.Ng2 Ncd8
24.b4 Bc4 25.Bg5 c5 26.bxc5 bxc5 27.Nf4 Na5 28.Rb1 Nac6 29.Rb6 Qe8 30.Bxe7 Qxe7
31.Ng5 Qc7 32.Nxf7 Qxb6 33.Ng5 g6 34.Ngxe6 cxd4 35.Nxd8 Nxd8 36.cxd4 Qb2
37.Rg2 Bb3 38.Qf3 Rxa4 39.Nxd5 Ra1 40.Nf6+ Kg7 41.Rg1 Ra2 42.Bg2 Bc4 43.Ne8+ Kf8
44.Nd6 Qxd4 45.Rd1  1-0

[Event "Seefeld op"]
[Site "Seefeld"]
[Date "1997.??.??"]
[Round "?"]
[White "Pilz, Dieter"]
[Black "Laengl, Juergen"]
[Result "1-0"]
[WhiteElo "2250"]
[BlackElo "2120"]

1.e4 e6 2.d4 d5 3.Nd2 Nc6 4.Ngf3 Nf6 5.e5 Nd7 6.c3 f6 7.Bb5 Be7 8.exf6 Bxf6
9.Qe2 Qe7 10.O-O O-O 11.Re1 Re8 12.Nf1 Nd8 13.Bf4 c6 14.Bd3 Nf7 15.Qc2 Nf8
16.Ng3 c5 17.Qd2 Bd7 18.Re2 Rac8 19.Rae1 Nd6 20.dxc5 Rxc5 21.Bxd6 Qxd6 22.Ne5 Qb6
23.Nh5 Bb5 24.Bxb5 Rxb5 25.Nxf6+ gxf6 26.Ng4 Nd7 27.a4 Rc5 28.Qh6 e5 29.Qh5 Rf8
30.Nh6+ Kh8 31.Re3 Rc7 32.Nf7+ Kg7 33.Rg3+  1-0

[Event "RUS-ch Armed Forces"]
[Site "Sevastopol"]
[Date "1997.??.??"]
[Round "6"]
[White "Nikolenko, Oleg"]
[Black "Totsky, Leonid"]
[Result "1/2-1/2"]
[WhiteElo "2450"]
[BlackElo "2495"]

1.e4 e6 2.d4 d5 3.Nd2 Be7 4.Ngf3 Nf6 5.Bd3 c5 6.exd5 Qxd5 7.dxc5 Qxc5 8.Qe2 Nbd7
9.O-O O-O 10.Re1 b6 11.Ne4 Qc7 12.Nxf6+ Nxf6 13.Ne5 Bb7 14.Bf4 Qc5 15.Rad1 Rad8
16.a3 Qc8 17.Bg5 Qc7 18.Qe3 Nh5 19.Bxe7 Qxe7 20.Be4 Nf6 21.Bxb7 Qxb7 22.c4 Qc7
23.b4 Nd7 24.Nxd7 Rxd7 25.c5  1/2-1/2

[Event "RUS-ch Armed Forces"]
[Site "Sevastopol"]
[Date "1997.??.??"]
[Round "10"]
[White "Belikov, Vladimir"]
[Black "Totsky, Leonid"]
[Result "1/2-1/2"]
[WhiteElo "2500"]
[BlackElo "2495"]

1.e4 e6 2.d4 d5 3.Nd2 Be7 4.c3 dxe4 5.Nxe4 Nf6 6.Nxf6+ Bxf6 7.Nf3 Nd7 8.Bf4 O-O
9.Qc2 c5 10.Bd6 Be7 11.dxc5 Nxc5 12.Bxc5 Bxc5 13.Bd3 h6 14.O-O-O Qc7 15.Rhe1 Bd7
16.Ne5 Rad8 17.f4 Bd6 18.Kb1 Bxe5 19.Rxe5 Bc6 20.g3 Rd6 21.Ree1 Rfd8 22.Qe2 Qb6
23.Bc2 Rxd1+ 24.Rxd1 Rxd1+ 25.Qxd1 g6 26.Qe1 Qc5 27.b3 g5 28.Kb2 Kf8 29.Qd2 Ke7
30.b4 Qd5 31.Qe3 b6 32.Qf2 Qg2 33.Qxg2 Bxg2 34.Kc1 gxf4 35.gxf4 Bd5 36.a3 e5
37.fxe5 Ke6 38.Kd2 Kxe5 39.Bd3 f5 40.Ke3 f4+ 41.Kf2 Bc6 42.Ke2 Be4 43.Ba6  1/2-1/2

[Event "SLO-chT sf"]
[Site "Skofja Loka"]
[Date "1997.??.??"]
[Round "?"]
[White "Justin, Matijaz"]
[Black "Furlan, Miha"]
[Result "1/2-1/2"]
[WhiteElo "2395"]
[BlackElo "2330"]

1.e4 e6 2.d4 d5 3.Nd2 Nc6 4.Ngf3 Nf6 5.e5 Nd7 6.Be2 Be7 7.Nf1 f6 8.exf6 Nxf6
9.Ne3 O-O 10.O-O Bd6 11.c4 b6 12.b3 Bb7 13.Bb2 Bf4 14.Qd3 Ne4 15.Ba3 Bd6
16.Bxd6 Qxd6 17.a3 a5 18.Ng4 Rf4 19.h3 Raf8 20.Qe3 Ne7 21.Nge5 c5 22.Nd3 Rxf3
23.Bxf3 Nf5 24.dxc5 Nxc5 25.Qe2 Nd4 26.Qe5 Nxf3+ 27.gxf3 Qxe5 28.Nxe5 Nxb3
29.Rab1 dxc4 30.Nxc4 Bd5 31.Nxb6 Nd2 32.Nxd5 exd5 33.Rb5 Nxf1 34.Kxf1 Rxf3
35.Rxa5 Rxh3 36.Rxd5 Rxa3 37.Kg2 Ra7 38.Rd6 Kf7 39.Rb6 Re7 40.Ra6 Re6 41.Ra7+ Kf6
42.Rb7 h5 43.Rb5 Re5 44.Rb6+ Kf5 45.Kf3 Ra5 46.Rb7 g6 47.Kg3 g5 48.Rf7+ Kg6
49.Rb7 Ra3+ 50.Kg2 Ra6 51.Rb8 Rf6 52.Rg8+ Kf5 53.Ra8 Kg4 54.Ra4+ Rf4 55.Ra3 h4
56.Rb3 h3+ 57.Kg1 Kh4 58.Rb8 Rg4+ 59.Kh1 Rd4 60.Kh2 Rf4 61.Kg1 Kg4 62.Rb3 h2+
63.Kxh2 Rxf2+ 64.Kg1 Rf3  1/2-1/2